000 00506nam a2200193 a 4500
001 BRCA_7371
005 20190320205818.0
008 070313s1947----mx-#######---#000-0#spa-#
041 _aspa
044 _amx
050 4 _aF1226
_b1947
245 1 0 _aVIII reunión del Congreso Mexicano de Historia, 16 al 26 de septiembre de 1947, Durango, Dgo.
260 _aMéxico
_bSEP
_c1947
300 _a36 p.
500 _aQ63
651 4 _aMéxico
_vCongresos
_xHistoria
_99484
902 _aGFM
942 _2lcc
_cB
999 _c7047
_d7047